Normal view
MARC view
- تأليف Davis,Jason;م.مشارك Rhonda,Liss
Entry Personal Name
001 - CONTROL NUMBER
- control field: 2188
003 - CONTROL NUMBER IDENTIFIER
- control field: JO-AjAnu
005 - DATE AND TIME OF LATEST TRANSACTION
- control field: 20230606070649.0
008 - FIXED-LENGTH DATA ELEMENTS
- fixed length control field: 230606|| aca||aabn | a|a d
040 ## - CATALOGING SOURCE
- Original cataloging agency: JO-AjAnu
- Transcribing agency: JO-AjAnu
100 ## - HEADING--PERSONAL NAME
- Personal name: تأليف Davis,Jason;م.مشارك Rhonda,Liss
670 ## - SOURCE DATA FOUND
- Source citation: Work cat.: (JO-AjAnu)1147: تأليف Davis,Jason;م.مشارك Rhonda,Liss, author, EFFECTIVE ACADEMIC WRITING 3 :EHE SHORT ESSAY